| 000 | 02036nam a22003617a 4500 | ||
|---|---|---|---|
| 003 | EG-ScBUE | ||
| 005 | 20220323111939.0 | ||
| 008 | 131008s2006 nyu f b 001 p eng d | ||
| 020 | _a0143039954 | ||
| 020 | _a9780143039952 | ||
| 040 |
_aEG-ScBUE _beng _erda _cEG-ScBUE _dEG-ScBUE |
||
| 041 | 1 |
_aeng _hgre |
|
| 082 | 0 | 4 |
_a883.01 _bHOM _222 |
| 100 | 0 |
_aHomer, _eauthor. _95722 |
|
| 245 | 1 | 0 |
_aThe odyssey / _cHomer ; translated by Robert Fagles ; introduction and notes by Bernard Knox. |
| 264 | 1 |
_aNew York : _bPenguin Books, _c2006. |
|
| 300 |
_ax, 541 pages ; _c24 cm. |
||
| 336 |
_2rdacontent _atext _btxt |
||
| 337 |
_2rdamedia _aunmediated _bn |
||
| 338 |
_2rdacarrier _avolume _bnc |
||
| 490 | 0 | _aPenguin classics | |
| 504 | _aIncludes bibliographical references. | ||
| 505 | _aIntroduction: Spelling and pronunciation of Homeric names -- Maps: Homeric geography : Mainland Greece -- Peloponnese -- Aegean and Asia Minor -- Inset: Troy and vicinity -- Homer: Odyssey : Athena inspires the prince --Telemachus sets sail -- King Nestor remembers -- King and queen of Sparta -- Odysseus- Nymph and shipwreck -- Princess and the stranger -- Phaeacia's halls and gardens -- Day for songs and contests -- In the one-eyed giant's cave -- Bewitching queen of Aeaea -- Kingdom of the dead -- Cattle of the sun -- Ithaca at last -- Loyal swineherd -- Prince sets sail for home -- Father and son -- Stranger at the gates -- Beggar-king of Ithaca -- Penelope and her guest -- Portents gather -- Odysseus strings his bow -- Slaughter in the hall -- Great rooted bed -- Peace. | ||
| 546 | _aText in English ; translated from original Ancient Greek. | ||
| 650 | 7 |
_aEpic poetry, Greek _vTranslations into English. _2BUEsh _924763 |
|
| 650 | 7 |
_aOdysseus (Greek mythology) _vPoetry. _2BUEsh _924764 |
|
| 651 | _2BUEsh | ||
| 653 |
_cOctober2013 _bGGEN |
||
| 655 |
_vReading book _934232 |
||
| 700 | 1 |
_aFagles, Robert, _etranslator. _933617 |
|
| 700 | 1 |
_aKnox, Bernard, _eauthor of introduction, etc. _933929 |
|
| 942 |
_2ddc _cBB |
||
| 999 |
_c17603 _d17575 |
||